000 00916nam a2200253 a 4500
001 13041
003 BD-JhCC
005 20230614123218.0
008 230614s2022 bg |||| |||| 000 0 ben d
020 _a9789849619338
035 _a(BD-JhCC)13041
040 _aBD-JhCC
_dBD-JhCC
041 _aben
082 _a813.54
_bCON 2022
100 _aকনেলি, মাইকেল
245 _aদ্য লিংকন লয়্যার /
_cমাইকেল কনেলি; সুমাইয়া সিমি এবং এম এস আই সোহান (অনু.)
260 _aঢাকা :
_bভাষা প্রকাশ,
_c২০২২
300 _a৩৫২ পৃ. :
_c২১ সেমি.
650 _aAttorney and client
650 _aAmerican fiction
700 _a সিমি, সুমাইয়া
700 _aসোহান, এম এস আই
942 _2ddc
_cBK
999 _c13041
_d13041